ARRUPE JESUIT UNIVERSITY

CORONAVIRUS -STOP THE SPREAD - CLEAN,DISINFECT,COVER

The city of man : (Record no. 125235)

MARC details
000 -LEADER
fixed length control field 00825cam a22002651i 4500
001 - CONTROL NUMBER
control field 1227823
003 - CONTROL NUMBER IDENTIFIER
control field ARRUPE
005 - DATE AND TIME OF LATEST TRANSACTION
control field 20160913145501.0
008 - FIXED-LENGTH DATA ELEMENTS--GENERAL INFORMATION
fixed length control field 790319c19671963mdu 001 0 eng d
035 ## - SYSTEM CONTROL NUMBER
System control number (OCoLC)ocm04756126
035 ## - SYSTEM CONTROL NUMBER
System control number (NNC)1227823
040 ## - CATALOGING SOURCE
Original cataloging agency CUR
Transcribing agency CUR
Modifying agency OCL
-- m.c.
-- ZCU
050 ## - LIBRARY OF CONGRESS CALL NUMBER
Classification number CB160.W3
300 ## - PHYSICAL DESCRIPTION
Dimensions 18 cm.
100 1# - MAIN ENTRY--PERSONAL NAME
Personal name Wagar, W. Warren.
9 (RLIN) 25775
245 14 - TITLE STATEMENT
Title The city of man :
Remainder of title prophecies of a world civilization in twentieth-century thought /
Statement of responsibility, etc by W. Warren Wagar.
260 ## - PUBLICATION, DISTRIBUTION, ETC. (IMPRINT)
Place of publication, distribution, etc Baltimore :
Name of publisher, distributor, etc Penguin Books,
Date of publication, distribution, etc 1967,
300 ## - PHYSICAL DESCRIPTION
Extent xvi, 310 p. ;
490 1# - SERIES STATEMENT
Series statement "A Pelican Book,"
Volume number/sequential designation A931.
500 ## - GENERAL NOTE
General note Includes index.
650 #0 - SUBJECT ADDED ENTRY--TOPICAL TERM
Topical term or geographic name as entry element Civilization, Modern
Chronological subdivision 20th century.
9 (RLIN) 13460
650 #0 - SUBJECT ADDED ENTRY--TOPICAL TERM
Topical term or geographic name as entry element Prophecies.
9 (RLIN) 25776
830 #0 - SERIES ADDED ENTRY--UNIFORM TITLE
Uniform title Pelican book ;
Volume number/sequential designation A931.
9 (RLIN) 25777
942 ## - ADDED ENTRY ELEMENTS (KOHA)
Source of classification or shelving scheme Library of Congress Classification
Koha item type Monograph ( Printed materials)
Holdings
Withdrawn status Lost status Source of classification or shelving scheme Damaged status Not for loan Collection code Home library Current library Shelving location Date acquired Total Checkouts Full call number Barcode Date last seen Price effective from Koha item type
    Library of Congress Classification     Main Collection ARRUPE LIBRARY ARRUPE LIBRARY Main Collection 13/09/2016   CB160.W3 46500009547 10/10/2017 13/09/2016 Monograph ( Printed materials)

 

Arrupe Library. PO Box MP320 Mt Pleasant, Harare, Zimbabwe
263 242 745411|librarian@aju.ac.zw